Marcatori del Napoli in UEFA Europa League 2014-2015 - Statistics

Statistiche generali
  • Questo quiz è stato fatto 20 volte
  • Il punteggio medio è 20 su 26
Statistiche sulle risposte
Partita Minuto Marcatore % Corretto
Napoli - Sparta Praga 3-1 23 Gonzalo Higuaín
100%
Slovan Bratislava - Napoli 0-2 74 Gonzalo Higuaín
100%
Trabzonspor - Napoli 0-4 20 Gonzalo Higuaín
100%
Napoli - Dinamo Mosca 3-1 25 Gonzalo Higuaín
100%
Napoli - Dinamo Mosca 3-1 31 Gonzalo Higuaín
100%
Napoli - Dinamo Mosca 3-1 55 Gonzalo Higuaín
100%
Wolfsburg - Napoli 1-4 15 Gonzalo Higuaín
100%
Slovan Bratislava - Napoli 0-2 35 Marek Hamšík
94%
Napoli - Slovan Bratislava 3-0 16 Marek Hamšík
94%
Wolfsburg - Napoli 1-4 23 Marek Hamšík
94%
Wolfsburg - Napoli 1-4 64 Marek Hamšík
94%
Napoli - Sparta Praga 3-1 51 Dries Mertens
88%
Napoli - Sparta Praga 3-1 81 Dries Mertens
88%
Napoli - Slovan Bratislava 3-0 6 Dries Mertens
88%
Napoli - Wolfsburg 2-2 65 Dries Mertens
88%
Napoli - Wolfsburg 2-2 50 José María Callejón
82%
Napoli - Dnipro 1-1 50 David López
53%
Trabzonspor - Napoli 0-4 27 Manolo Gabbiadini
53%
Wolfsburg - Napoli 1-4 77 Manolo Gabbiadini
53%
Napoli - Young Boys 3-0 46 Jonathan de Guzmán
47%
Napoli - Young Boys 3-0 65 Jonathan de Guzmán
47%
Napoli - Young Boys 3-0 83 Jonathan de Guzmán
47%
Napoli - Trabzonspor 1-0 19 Jonathan de Guzmán
47%
Napoli - Slovan Bratislava 3-0 75 Duván Zapata
35%
Trabzonspor - Napoli 0-4 92 Duván Zapata
35%
Trabzonspor - Napoli 0-4 6 Henrique
29%
Nessun quiz corrispondente trovato
Distribuzione punteggi
Percentuale di utenti per punteggio
Percentile per numero di risposta
I tuoi punteggi nel tempo
Non hai fatto questo quiz